<?xml version="1.0" encoding="UTF-8"?>
<marc:record xmlns:marc="http://www.loc.gov/MARC21/slim">
   <marc:leader>00000nam a2200000 a 4500</marc:leader>
   <marc:datafield ind1="1" ind2=" " tag="100">
      <marc:subfield code="a">Bonelli, Raphael M.</marc:subfield>
      <marc:subfield code="4">aut</marc:subfield>
      <marc:subfield code="e">Verfasser/-in</marc:subfield>
   </marc:datafield>
   <marc:datafield ind1="0" ind2="0" tag="245">
      <marc:subfield code="a">Bauchgefühle</marc:subfield>
   </marc:datafield>
   <marc:datafield ind1="0" ind2="0" tag="245">
      <marc:subfield code="b">wie sie entstehen, was sie uns sagen, wie wir sie nutzen</marc:subfield>
   </marc:datafield>
   <marc:datafield ind1="0" ind2="0" tag="245">
      <marc:subfield code="c">Bonelli, Raphael M.</marc:subfield>
   </marc:datafield>
   <marc:datafield ind1=" " ind2="1" tag="264">
      <marc:subfield code="a">München</marc:subfield>
      <marc:subfield code="b">Goldmann</marc:subfield>
   </marc:datafield>
   <marc:datafield ind1=" " ind2=" " tag="250">
      <marc:subfield code="a">1. Auflage, vollständige Taschenbuchausgabe</marc:subfield>
   </marc:datafield>
   <marc:datafield ind1="1" ind2=" " tag="520">
      <marc:subfield code="a">Die Wissenschaft der Bauchgefühle&#xD;
&#xD;
Bauchgefühle sind zweifellos nützlich. Sie haben eine Warnfunktion und geben uns Signale und Hinweise. Wie ein bellender Hund oder eine Alarmanlage. Sie sind hochsensibel, umsichtig und schlagen schnell an. Oft stimmen sie auch in ihrer unmittelbaren Wahrnehmung (dass da irgendetwas ist), irren sich aber häufig in der mitgelieferten Deutung. Der Psychiater und Psychotherapeut Raphael Bonelli erklärt wissenschaftlich fundiert und unterhaltsam, warum wir dem Bauch zuhören, ihm aber nicht unbedingt folgen sollten – weshalb wir ihn mit Erfahrungen füttern müssen und wieso er insbesondere bei den Themen Liebe, Gier, Aggression und Angst ein gehöriges Wörtchen mitreden möchte.&#xD;
Ein faszinierender Blick auf das komplexe Wesen Mensch anhand eines bisher weitgehend unerforschten Themas.</marc:subfield>
   </marc:datafield>
   <marc:datafield ind1=" " ind2=" " tag="020">
      <marc:subfield code="a">9783442179978</marc:subfield>
      <marc:subfield code="9">9783442179978</marc:subfield>
   </marc:datafield>
   <marc:datafield ind1=" " ind2=" " tag="020">
      <marc:subfield code="a">3442179971</marc:subfield>
      <marc:subfield code="9">3442179971</marc:subfield>
   </marc:datafield>
   <marc:datafield ind1=" " ind2=" " tag="041">
      <marc:subfield code="a">ger</marc:subfield>
   </marc:datafield>
   <marc:datafield ind1=" " ind2=" " tag="300">
      <marc:subfield code="a">238 Seiten</marc:subfield>
   </marc:datafield>
</marc:record>
